00558nam a22001817a 4500008004100000020001800041020001500059050002300074100001800097245008300115250001200198260006300210300003500273500002000308650001300328700001900341700001600360161102b xxu||||| |||| 00| 0 eng d a9781259313448 a1259313441 aQA 152.2 .M55 2014 aMiller, Julie aBeginning & intermediate algebra/cJulie miller, Molly o'Neill and Nancy Hyde. a4th ed. aUnited States Of America :bMcGraw-Hill Education ;c2014. axxvii, 1028p. :bill. ;c27cm. aIncludes index. aAlgebra. aO'Neill, Molly aHyde, Nancy